Troublesome Construction: IIRSA and Public-Private Partnerships in Road Infrastructure /
Guardado en:
| Hovedforfatter: | |
|---|---|
| Andre forfattere: | |
| Format: | Bog |
| Sprog: | Spanish |
| Udgivet: |
Amsterdam, Netherlands:
CEDLA,
2006
|
| Tags: |
Tilføj Tag
Ingen Tags, Vær først til at tagge denne postø!
|
MARC
| LEADER | 00000nam a22000007a 4500 | ||
|---|---|---|---|
| 003 | cru CIDCACS/IIS | ||
| 005 | 20240711164839.0 | ||
| 008 | 240711b2006 ne ||||| |||| 00| 0 spa d | ||
| 022 | |a 90 70280 90 6 | ||
| 040 | |a cru CIDCACS/IIS |b spa |c cru CIDCACS/IIS | ||
| 090 | |a REV1603 (20) 2006 | ||
| 100 | 1 | |a Dijck, Pitou van |9 4437 | |
| 245 | |a Troublesome Construction: |b IIRSA and Public-Private Partnerships in Road Infrastructure / |c Pitou van Dijck and Simon den Haak |h [impreso] | ||
| 260 | |a Amsterdam, Netherlands: |b CEDLA, |c 2006 | ||
| 300 | |a 98 páginas | ||
| 650 | |2 TESAUROS | ||
| 700 | 1 | |a Haak, Simon den |9 12272 | |
| 942 | |2 z |c PP |h REV1603 (20) 2006 |i 01905 |6 REV1603_20_2006_01905 | ||
| 999 | |c 45914 |d 45914 | ||
